Management information systems / (Record no. 2914)
[ view plain ]
| 000 -LEADER | |
|---|---|
| fixed length control field | 00822nam a2200277 a 4500 |
| 001 - CONTROL NUMBER | |
| control field | 2916 |
| 003 - CONTROL NUMBER IDENTIFIER | |
| control field | . |
| 005 - DATE AND TIME OF LATEST TRANSACTION | |
| control field | 20250917122615.0 |
| 008 - FIXED-LENGTH DATA ELEMENTS--GENERAL INFORMATION | |
| fixed length control field | 121002s xxua | 00100 eng d |
| 020 ## - INTERNATIONAL STANDARD BOOK NUMBER | |
| International Standard Book Number | 9780071221092(pbk) : |
| Terms of availability | SR208.00 |
| 035 ## - SYSTEM CONTROL NUMBER | |
| System control number | 81 |
| 040 ## - CATALOGING SOURCE | |
| Transcribing agency | . |
| 082 04 - DEWEY DECIMAL CLASSIFICATION NUMBER | |
| Classification number | 658.4038 |
| Item number | Ob6 2011 |
| 100 1# - MAIN ENTRY--PERSONAL NAME | |
| Personal name | O'Brien, James A. |
| 245 10 - TITLE STATEMENT | |
| Title | Management information systems / |
| Statement of responsibility, etc. | James O'Brien, George Marakas. |
| 250 ## - EDITION STATEMENT | |
| Edition statement | 10th ed. |
| 260 ## - PUBLICATION, DISTRIBUTION, ETC. | |
| Place of publication, distribution, etc. | New York : |
| Name of publisher, distributor, etc. | McGraw-Hill, |
| Date of publication, distribution, etc. | 2011. |
| 300 ## - PHYSICAL DESCRIPTION | |
| Extent | 704 p. : |
| Other physical details | col. ill. ; |
| Dimensions | 28 cm. |
| 500 ## - GENERAL NOTE | |
| General note | Includes bib. references and index. |
| 500 ## - GENERAL NOTE | |
| General note | Prev. ed. : 2009. |
| 650 #4 - SUBJECT ADDED ENTRY--TOPICAL TERM | |
| Topical term or geographic name entry element | Management information systems. |
| 650 #4 - SUBJECT ADDED ENTRY--TOPICAL TERM | |
| Topical term or geographic name entry element | Information technology |
| General subdivision | Management. |
| 650 #4 - SUBJECT ADDED ENTRY--TOPICAL TERM | |
| Topical term or geographic name entry element | Business |
| General subdivision | Data processing. |
| 700 0# - ADDED ENTRY--PERSONAL NAME | |
| Personal name | Marakas, George M., |
| Relator term | jt. auth. |
| 942 ## - ADDED ENTRY ELEMENTS (KOHA) | |
| Source of classification or shelving scheme | Dewey Decimal Classification |
| Koha item type | English Book |
| Withdrawn status | Lost status | Source of classification or shelving scheme | Damaged status | Not for loan | Home library | Current library | Date acquired | Total Checkouts | Full call number | Barcode | Date last seen | Copy number | Price effective from | Koha item type |
|---|---|---|---|---|---|---|---|---|---|---|---|---|---|---|
| 11/27/2022 | 658.4038 Ob6 2011 | 1000000008965 | 11/27/2022 | C6 | 11/27/2022 | Book | ||||||||
| 11/27/2022 | 658.4038 Ob6 2011 | 1000000008964 | 11/27/2022 | C7 | 11/27/2022 | Book | ||||||||
| CENTRAL | CENTRAL | 11/27/2022 | 658.4038 Ob6 2011 | 1000000007109 | 11/27/2022 | C2 | 11/27/2022 | Book | ||||||
| CENTRAL | CENTRAL | 11/27/2022 | 658.4038 Ob6 2011 | 1000000007106 | 11/27/2022 | C3 | 11/27/2022 | Book | ||||||
| CENTRAL | CENTRAL | 11/27/2022 | 658.4038 Ob6 2011 | 1000000007107 | 11/27/2022 | C4 | 11/27/2022 | Book | ||||||
| CENTRAL | CENTRAL | 11/27/2022 | 658.4038 Ob6 2011 | 1000000007105 | 11/27/2022 | C5 | 11/27/2022 | Book | ||||||
| KHOBAR | KHOBAR | 11/27/2022 | 658.4038 Ob6 2011 | 1000000007108 | 11/27/2022 | C1 | 11/27/2022 | Book |
